LEADER 01615nam a2200313 u 4500 001 000000022799 003 CaOOAMICUS 005 20140108102448.0 008 940712s1958 it b u000 u ita u 035 $a10573933 040 $aIEN$bita$dIEN$dDNGA$dPUL(R) 041 0 $aita$ager$aspa$afre 110 2 $aCentro italiano di studi sull'alto Medioevo.$bSettimana$n(5 :$d1957 :$cSpoleto).$0(OLS)http://pul/name/19322 245 10$aCaratteri del secolo VII in Occidente :$b23-29 aprile 1957. 260 $aSpoleto :$bCentri italiano di studi sull'alto Medioevo,$c1958. 300 $a2 v. :$bmaps (part fold.) ;$c21 cm 490 1 $aSettimane di studio del Centro italiano di studi sull'alto Medioevo ;$v5. 500 $aItalian, German, Spanish, or French. 500 $aPaginazione continua. 504 $aIncludes bibliographical references. 650 0$aCivilization, Medieval$xCongresses.$0(OLS)http://pul/subject/4233 650 0$aSeventh century$xCongresses.$0(OLS)http://pul/subject/14195 830 0$aSettimane di studio del Centro italiano di studi sull'alto Medioevo ;$v5.$0(OLS)http://pul/title/1719 850 $aPUL 852 $aPUL$W1$xDP1 Cons. Gen., Altre Classi 1$y22$m392 A V$j31977$n $b $qStampati$B31977$CPULBib$Z2$F31977 $H22272-22273 $81 941 1 $a8 983 0$aSettimane di studio della Fondazione Centro italiano di studi sull'alto Medioevo. 996 $6245$aCaratteri del secolo VII in Occidente :$b23-29 aprile 1957$9(OLS)http://pul/title/31739 996 $6260$aSpoleto :$bCentri italiano di studi sull'alto Medioevo$9(OLS)http://pul/publisher/57794 LEADER 01488nam a2200289 u 4500 001 000000078560 003 CaOOAMICUS 005 20070226123437.0 008 040504s2004 it u000 u ita u 020 $a8815096515 035 $a10993318 040 $aEFR$bita$dPUL 245 13$aLa direzione spirituale tra medioevo ed età moderna :$bpercorsi di ricerca e contesti specifici /$ca cura di Michela Catto. 260 $aBologna :$bIl Mulino,$c2004. 300 $a287 p. ;$c22 cm 490 1 $aAnnali dell'Istituto storico italo-germanico in Trento.$aQuaderni ;$v63 500 $a"Atti del seminario "La direzione spirituale tra medioevo ed età moderna: percorsi di ricerca e contesti specifici, Trento, 20-22 maggio 1999". 504 $aNotes bibliogr. 650 0$aSpiritual direction$xCongresses.$2//eng$0(OLS)http://pul/subject/27378 700 1 $aCatto, Michela.$0(OLS)http://pul/name/52312 830 0$aAnnali dell'Istituto storico italo-germanico in Trento.$pQuaderni ;$v63.$0(OLS)http://pul/title/8598 850 $aPUL 852 $aPUL$W1$xDP1 Altre Collocazioni$y17$m1094 D 2.63$j100735$nBK-PRI$b $qStampati$B100735$CPULBib$Z2$F100735 $HPUL94769 $81 941 1 $a8 996 $6020$a8815096515$9(OLS)http://pul/number/103009 996 $6245$aLa direzione spirituale tra medioevo ed età moderna :$bpercorsi di ricerca e contesti specifici$9(OLS)http://pul/title/102905 996 $6260$aBologna :$bIl Mulino$9(OLS)http://pul/publisher/47928 LEADER 01276nam a2200301 a 4500 001 000000168422 003 CaOOAMICUS 005 20180620161839.0 008 180620s1994 it 000 u ita r 020 $a88-7983-660-9* 032 $aLibriCat 040 $aPul$bita 100 1 $aZevi, Bruno.$0(OLS)http://pul/name/107653 245 10$aArchitettura della modernità / $cBruno Zevi . 260 $aRoma :$bNewton Compton,$c©1994. 300 $a97 p. : $bill. ; $c20 cm. 490 1 $aTascabili economici Newton. Il sapere ;$v43 490 1 $aTascabili economici Newton. 100 pagine 1000 lire. ;$v43 650 4$aArchitettura.$0(OLS)http://pul/subject/16084 830 0$aTascabili economici Newton.$pIl sapere ;$v43.$0(OLS)http://pul/title/182469 830 0$aTascabili economici Newton.$p100 pagine 1000 lire ;$v43.$0(OLS)http://pul/title/171959 850 $aPUL 852 $aPUL$W1$xDP1 Fondo Dalla Palma$y117$m8 A 71$j163470$qFondi$B196324$CPULBib$Z2$F196324 $HDal39 $81 941 1 $a1 996 $6020$a88-7983-660-9*$9(OLS)http://pul/number/164405 996 $6245$aArchitettura della modernità / $9(OLS)http://pul/title/208788 996 $6260$aRoma :$bNewton Compton$9(OLS)http://pul/publisher/50757